000
00236nam a2200097Ia 4500
008
230907s9999||||xx |||||||||||||| ||und||
082
_a
338.9001
_b
PIE
245
0
_a
Development theory /
260
_a
Sage Publication,
_c
2013
942
_c
BK
999
_c
599015
_d
599015